[Event "EU-ch 6th"]
[Site "Warsaw"]
[Date "2005.06.28"]
[Round "10"]
[White "Shomoev, Anton"]
[Black "Roiz, Michael"]
[Result "1/2-1/2"]
[WhiteElo "2540"]
[BlackElo "2579"]
[Annotator "Roiz,M"]
[PlyCount "67"]
[EventDate "2005.06.18"]
[EventType "swiss"]
[EventRounds "13"]
[EventCountry "POL"]
[SourceTitle "CBM 108"]
[Source "ChessBase"]
[SourceDate "2005.09.26"]
[SourceVersion "1"]
[SourceVersionDate "2005.09.26"]
[SourceQuality "1"]

1. e4 c5 2. Nf3 a6 {I have decided to avoid the main theoretical lines.} 3. Nc3
({In my opinion,the most principal continuations here are:} 3. c3) ({and} 3. c4
) 3... e6 4. d4 b5 {That original variation was introduced into practice by GM
Bojan Kurajica. However,white has a serious development advantage,so that
seems to be very risky.} (4... cxd4 5. Nxd4 {-->leads to the main lines.}) 5.
d5 $5 {A logical move-white seizes much space and gets a good type of Benoni
system.} ({The following alternatives doesn't promise much:} 5. Be3 Qc7 6. dxc5
Bxc5 7. Bd4 Bxd4 8. Qxd4 f6 9. O-O-O Nc6 10. Qe3 Nh6 11. h3 Nf7 $11 {0-1 Rogic,
D-Kurajica,B/Bled 1997/CBM 57 ext (55)}) (5. dxc5 Bxc5 6. Bd3 Bb7 7. O-O Qc7 8.
Qe2 Nc6 9. Be3 Be7 10. Nd4 Nf6 11. f4 d6 $11 {0-1 Zozulia,A-Baklan,V/Werther
GER 2004/The Week in Chess 491 (43)}) ({but deserves a serious attention also:
} 5. Bg5 $5) 5... Bb7 6. Bf4 $1 {A strong developing move. The bishop is
located well at f4 and puts an unpleast pressure on the dark squares.} (6. a4
b4 7. Ne2 Nf6 8. Bg5 h6 9. Bxf6 Qxf6 10. e5 Qf5 11. Ng3 Qf4 12. dxe6 dxe6 $15 {
0-1 Trkulja,G-Kurajica,B/Neum BIH 2004/The Week in Chess 500 (44)}) 6... Qa5 $2
$146 {I have completely missed white's next move. The queen is vulnerable here,
so white's development advantage becomes threatening!} (6... b4 7. Na4 Nf6 8.
dxe6 (8. Qe2 $5) 8... fxe6 9. e5 Nd5 10. Bg5 Qa5 11. b3 h6 12. Bd2 Nc6 13. Bd3
Nc3 14. Bxc3 bxc3 $132 {0-1 Zelcic,R-Stevic,H/Bosnjaci 2003/EXT 2004 (42)}) 7.
Nd2 $1 {[%csl Ra5][%cal Ga2a4]} ({Ofcourse,dubious would be:} 7. Qd2 $6 Nf6 8.
dxe6 dxe6 9. e5 Nfd7 $132 {and black has a good play.}) 7... Nf6 8. Be2 exd5 ({
The drawback of black's last move is obvious in the following variation:} 8...
b4 9. Nc4 Qd8 10. Na4 Nxe4 11. dxe6 fxe6 (11... Qf6 12. exf7+ Qxf7 13. Be3 $16)
12. f3 Nf6 13. Nd6+ Bxd6 14. Bxd6 $16) 9. Nxd5 Nxd5 10. exd5 Bxd5 {I have
decided to take the ''poisoned'' pawn,since i didn't like my position after 10.
..d6.} ({In fact,after} 10... d6 11. O-O Be7 12. a4 b4 (12... Qb4 13. c4 $16)
13. Nc4 Qc7 14. Re1 O-O 15. Bf1 $16 {[%csl Rb7,Rd6] white has a serious
strategical advantage.}) 11. O-O ({Nothing special promises:} 11. Bf3 Bxf3 12.
Qxf3 Nc6 $132) 11... Be6 {The best way-the Be6 is an important defender.} (
11... Nc6 $2 12. Nb3 Bxb3 13. axb3 Qb6 14. Re1 Be7 15. Bf3 $18 {[%cal Gf4d6]})
12. a4 {The most natural-black is forced to remove his Pb5,so white gets an
additonal square for his knight.} ({Good enough was} 12. Ne4 $5 Nc6 (12... d5
$2 13. Ng5 $40) 13. Nd6+ Bxd6 14. Qxd6 (14. Bxd6 $6 Qb6 {[%csl Rd6][%cal Gc6d4]
}) 14... Rc8 15. c3 $36 {and white has more than a sufficient compensation for
a pawn.}) 12... Qb4 $8 13. Be5 bxa4 $8 14. Bc3 {Here the bishop puts an
unpleasant pressure on Pg7 and prevents black from developing.} ({During the
game i have also worried about:} 14. c3 Qb7 15. Nc4 $36 Nc6 $140 16. Bxg7 Rg8
17. Bxf8 $16) 14... Qf4 $1 {The best square for the queen. Later it can be
delivered to c7.} 15. Nc4 $6 {That tempting move allows black to complete the
development.} ({At the same time,after} 15. Bf3 $142 Nc6 16. Re1 Ra7 17. Re4
Qc7 18. Rexa4 $36 {[%csl Ra6,Gc3,Re8,Rg7][%cal Gc3g7] white could pretend for
more.}) 15... Nc6 (15... Bxc4 $2 16. Rxa4 d5 17. Bxc4 dxc4 18. Re1+ Be7 19. Qd5
Ra7 20. Rxc4 Qc7 21. Rxc5 $18) 16. Rxa4 Nd4 {Black must give the pawn back in
order to exchage white's dark-squared bishop.} (16... Qc7 $2 17. Bf3 $16) 17.
Nb6 Rb8 18. Bxd4 ({After} 18. Rxa6 Be7 $132 {black should be O.K.}) 18... cxd4
19. Rxd4 Qc7 20. Nd5 Qa5 {Avoiding the unpleasant move Rd4-a4.} ({After} 20...
Qa7 21. b3 Bc5 22. Ra4 $14 {white is just better due to the drawbacks of
black's pawn structure.}) 21. Bc4 {According to the tournament situation,we
both had to fight for a win. That's why Anton takes some risk,and avoids a
drawn endgame.} (21. b3 Bc5 22. Ra4 Bxf2+ 23. Rxf2 Qxd5 24. Qxd5 Bxd5 25. Rxa6
Ke7 $11) 21... Bc5 ({Possible was also:} 21... Rxb2 22. Qh5 $44 {and white has
some compensation for the pawn.}) 22. b4 $1 {A strong resourse which destroys
the coordination between black's pieces.} Bxb4 23. Qh5 ({The alternative was:} 
23. Nxb4 Rxb4 24. Bxe6 dxe6 (24... fxe6 25. Rxd7 O-O 26. Qd6 Qb6 27. Qg3 $16)
25. Qg4 $1 Rxd4 26. Qxg7 Qd5 $1 27. Qxh8+ Ke7 28. Qxh7 Rd1 $11 {and the
arising endgame looks drawn.}) 23... Bc5 (23... Kf8 $5) 24. Rh4 h6 $2 $138 {
A typical ''accurate move'' in the time trouble.} ({At the same time,after the
correct} 24... Kf8 $1 $15 {white has no sufficient compensation for the pawn.})
25. Qe5 {[%csl Rb8,Rg7][%cal Ge5g7,Ge5b8] A very strong move which forces a
king-side castle. My next few moves are quite forced!} O-O $8 26. Nf6+ $1 ({
Nothing promises:} 26. Ne7+ $6 Bxe7 (26... Kh7 27. Bd3+ f5 28. Kh1 Qb6 $1 29.
Nxf5 Bxf5 30. Bxf5+ Kh8 $11) 27. Qxa5 Bxh4 $11) 26... gxf6 ({Ofcourse,not} 
26... Kh8 $2 27. Qe4 $1 g6 (27... Bxf2+ 28. Rxf2 Rb1+ 29. Bf1 $18) 28. Qf4 $18)
27. Qg3+ ({A nice draw could arise after:} 27. Qxf6 Be7 $1 28. Rg4+ $1 (28.
Qxe7 $4 Qg5 29. Qxg5+ hxg5 $19 {[%csl Rc4,Rh4][%cal Gb8b4]}) 28... Bxg4 29.
Qg6+ Kh8 30. Qxh6+ Kg8 31. Qg6+ $11) 27... Kh7 28. Bd3+ (28. Qf4 $2 Bxf2+ 29.
Rxf2 Qg5 $17) 28... f5 29. Qg5 $2 {That natural move is a serious inaccuracy!}
({Much stronger was:} 29. Qf4 Bxf2+ 30. Kxf2 Kg8 (30... Qc5+ 31. Ke2 $18) 31.
Rxh6 Qb6+ 32. Ke2 f6 33. Qh4 $16 {and black is in troubles: white has a strong
attack for free.}) 29... Bxf2+ $8 30. Kxf2 {White accepts the draw.} ({At the
same time,he could still get a symbolic advantage after:} 30. Rxf2 Qa1+ 31. Rf1
Qd4+ (31... Qg7 32. Bxf5+ Bxf5 33. Qxf5+ Qg6 34. Qxd7 $14) 32. Kh1 Qg7 33.
Bxf5+ Bxf5 34. Qxf5+ Qg6 35. Qxd7 $14) 30... Qc5+ 31. Kf3 (31. Kg3 Qe5+ 32. Kh3
(32. Kf2 Qg7 $15) 32... Qg7 33. Bxf5+ Kg8 (33... Bxf5+ 34. Qxf5+ Qg6 35. Qxd7
$11) 34. Qd2 $11 (34. Qxh6 $6 Qxh6 35. Rxh6 Rfc8 $15)) 31... Qd5+ 32. Kf2 Qc5+
(32... Qd4+ 33. Rxd4 hxg5 34. g4 $1 $11) 33. Kf3 Qd5+ 34. Kf2 1/2-1/2

[Event "EU-Cup 16th"]
[Site "Neum"]
[Date "2000.09.28"]
[Round "5.1"]
[White "Rublevsky, Sergei"]
[Black "Sax, Gyula"]
[Result "1-0"]
[WhiteElo "2670"]
[BlackElo "2563"]
[Annotator "Rublevsky,S"]
[PlyCount "61"]
[EventDate "2000.09.24"]
[EventType "team-swiss"]
[EventRounds "7"]
[EventCountry "BIH"]
[SourceTitle "CBM 080"]
[Source "ChessBase"]
[SourceDate "2001.01.25"]
[SourceVersion "1"]
[SourceVersionDate "2001.01.25"]
[SourceQuality "1"]
[WhiteTeam "Niksic Radonja"]
[BlackTeam "Miskolci"]
[WhiteTeamCountry "YUG"]
[BlackTeamCountry "HUN"]

1. e4 c5 2. Nf3 e6 3. c4 Nc6 4. Nc3 e5 5. a3 d6 6. d3 $5 $146 (6. Rb1) 6... g6
7. b4 $1 Bg7 (7... cxb4 8. axb4 Nxb4 9. Be3 $44 Nc6 $140 10. Nd5 Bg4 11. Bb6 $1
) 8. Rb1 Nge7 9. g3 O-O 10. Bg2 f5 11. O-O Rb8 12. Bg5 $5 h6 (12... f4 $2 13.
b5 $1) (12... Bf6 $6 13. Bxf6 Rxf6 14. bxc5 dxc5 15. exf5 Bxf5 (15... Nxf5 $2
16. Ne4) (15... gxf5 16. Re1 Ng6 17. Ng5 $16) 16. Nh4 $1 Bxd3 (16... Qxd3 17.
Nxf5 Qxf5 18. Ne4 Rff8 19. Nxc5 $16) 17. Nd5 Bxf1 (17... Bxb1 18. Nxf6+ Kg7 19.
Nd7 Bc2 20. Qd6 $40) 18. Nxf6+ Kg7 19. Nd7 Be2 20. Qd6 Nc8 21. Qe6 Bxc4 22. Qg4
$40) 13. Bxe7 Nxe7 14. exf5 Nxf5 $6 (14... gxf5 15. Nd2 $14) 15. Nd2 b6 16. Qa4
Bb7 $2 (16... Qe7 17. Nb5 $1 a6 18. Nc3 $16) 17. Qxa7 Bxg2 18. Kxg2 Ra8 19. Qb7
Rxa3 20. Nde4 Rf7 (20... Qa8 21. Qxa8 Rfxa8 22. Rfd1 Bf8 23. Nd5 $18) 21. Qd5
Qd7 (21... Ne7 22. Qe6 $18) 22. Nb5 Ra2 23. Kg1 $18 Ne7 24. Qxd6 Qh3 25. Ra1
Rxa1 (25... Nf5 26. Qe6 $1 (26. Qd8+ $2 Kh7 $1 27. Rxa2 $140 $4 Ne3 $3 $19))
26. Rxa1 cxb4 27. Qxb6 Qd7 28. Nbd6 Rf8 29. Qxb4 Nf5 30. Qb7 Qe6 31. Ra7 1-0

[Event "Hoogeveen Unive Crown 16th"]
[Site "Hoogeveen"]
[Date "2012.10.27"]
[Round "6"]
[White "Nakamura, Hikaru"]
[Black "Tiviakov, Sergei"]
[Result "1-0"]
[WhiteElo "2775"]
[BlackElo "2656"]
[Annotator "Safarli,E"]
[PlyCount "77"]
[EventDate "2012.10.21"]
[EventType "tourn"]
[EventRounds "6"]
[EventCountry "NED"]
[EventCategory "18"]
[SourceTitle "CBM 151"]
[Source "ChessBase"]
[SourceDate "2012.11.13"]
[SourceVersion "1"]
[SourceVersionDate "2012.11.13"]
[SourceQuality "1"]

1. e4 e6 2. d3 c5 3. Nf3 Nc6 4. g3 {When Hikaru played this opening it felt
like we were going to see approximately the same structure as in the
well-known position, indicated below, of the 11th World Champion. However,
Sergey played...} g6 {...and then 5.d4, and everything changed, or rather went
in a different direction.} (4... d5 5. Nbd2 Nf6 6. Bg2 Be7 7. O-O O-O 8. e5 Nd7
9. Re1 b5 10. Nf1 b4 11. h4 a5 12. Bf4 a4 13. a3 bxa3 14. bxa3 Na5 15. Ne3 Ba6
16. Bh3 d4 17. Nf1 Nb6 18. Ng5 Nd5 19. Bd2 Bxg5 20. Bxg5 Qd7 21. Qh5 Rfc8 22.
Nd2 Nc3 23. Bf6 Qe8 24. Ne4 g6 25. Qg5 Nxe4 26. Rxe4 c4 27. h5 cxd3 28. Rh4 Ra7
29. Bg2 dxc2 30. Qh6 Qf8 31. Qxh7+ {1-0 Fischer,R-Myagmarsuren,L Sousse 1967})
5. d4 $5 cxd4 6. Nxd4 a6 ({It seems Black is unable to play} 6... Bg7 $5 {
but this was better. Let's check:} 7. Nb5 d5 8. exd5 exd5 9. Qxd5 Qe7+ 10. Be2
Be5 $5 {with strong compensation for Black} (10... Be6 11. Qd6) (10... Bh3) (
10... Bg4)) 7. Nxc6 bxc6 8. c4 {In my opinion Black's position is now a little
bit unpleasant, since his position is passive and doesn't have much
counterplay.} Bg7 9. Bg2 Ne7 10. O-O d6 (10... f5 {I like this continuation
better than the move that was played. However, even this way Black would not
manage to equalise the position. But at least his position would have become a
little more active, though many weak points had risen along the way.} 11. Nc3
fxe4 12. Nxe4 d5 13. cxd5 (13. Nc5 O-O 14. Re1 Qd6) 13... exd5 14. Nc3 O-O 15.
Bg5) 11. Nc3 O-O 12. Bg5 Qc7 13. Qd2 Rb8 14. Rfd1 Rd8 15. Rac1 c5 16. b3 Bb7
17. h4 h5 18. Qd3 Bc6 19. Qe2 Be8 20. Rd3 {Looks like a strong idea to me.
White consolidates by doubling and even tripling along the d-file.} Rdc8 21.
Qd2 Rb6 22. Bf4 Be5 23. Rd1 Kh7 24. Kh1 Ng8 25. Be3 Bg7 26. Ne2 Rd8 27. Bf4 {
27...Be5 or 27...Bf8 is no longer possible, and Black is obliged to weaken his
position, which leads to a crucial advantage for White.} e5 28. Bg5 f6 29. Be3
$16 Ne7 30. Nc3 Qc8 31. Kh2 Rc6 32. f4 $18 Qb7 33. fxe5 fxe5 34. Bg5 Rd7 35.
Bh3 Rdc7 36. Rf1 Bd7 37. Bg2 Bg4 38. Rxd6 Rxd6 39. Qxd6 {A good game played by
Hikaru. Perhaps Black made some inaccurate moves in the beginning and faced an
unpleasant situation, where he didn't have any great counterplay, taking into
account that defending passively is quite unpleasant. Afterwards White
weakened his opponent's position by making relatively ordinary, strenghtening
moves, which crushed Sergey's position. I congratulate Hikaru on the victory
in this tournament! Thanks to everyone!} 1-0

[Event "London Classic 3rd"]
[Site "London"]
[Date "2011.12.09"]
[Round "6"]
[White "McShane, Luke J"]
[Black "Nakamura, Hikaru"]
[Result "1/2-1/2"]
[WhiteElo "2671"]
[BlackElo "2758"]
[Annotator "Saunders,J"]
[PlyCount "61"]
[EventDate "2011.12.03"]
[EventType "tourn"]
[EventRounds "9"]
[EventCountry "ENG"]
[EventCategory "20"]
[SourceTitle "CBM 146"]
[Source "ChessBase"]
[SourceDate "2012.01.18"]
[SourceVersion "1"]
[SourceVersionDate "2012.01.18"]
[SourceQuality "1"]

1. e4 c5 2. Nf3 e6 3. g3 $5 {Unusual, but it has been played by quite a number
of elite players as a surprise weapon. In the 'olden days' of the 1960s and
1970s, it could be used as a way of reaching the King's Indian Attack but that
is not how it tends to be treated in the modern era.} d5 4. exd5 exd5 5. d4 Nf6
6. Bg2 Be7 7. O-O O-O 8. dxc5 Bxc5 9. Bg5 Be6 (9... Nc6 {has been played here
before and transposes after} 10. Nc3 (10. Bxf6 Qxf6 11. Qxd5 {is risky because
of} Qxb2 12. Nbd2 {and now even} Bxf2+ $5) 10... Be6 {, etc.}) 10. Nc3 Nc6 11.
Rb1 {Moving a rook to a square behind a pawn is sometimes called a 'mysterious
rook move'. Here, though, White's intentions are fairly clear - the b2-b4
advance.} d4 12. Bxf6 Qxf6 13. Ne4 Qe7 14. Nxc5 Qxc5 15. b4 Qb5 {[diag]} (15...
Nxb4 $2 16. Qxd4 {would be bad for Black as White would get his pawn back with
good play.}) 16. a4 $5 ({White is trying to lure the black queen offside.} 16.
Nxd4 Nxd4 17. Qxd4 Rfd8 18. Qh4 {also comes into the reckoning here.}) 16...
Qxa4 17. b5 Ne7 18. Nxd4 Rfd8 {By forcing White to defend his knight, Black
secures a queen exchange.} 19. c3 Qxd1 20. Rfxd1 {White has obtained quite a
useful advantage out of the opening.} Bd5 21. Bf1 $5 {There are other options
but Magnus Carlsen was attracted to this. Luke McShane took a long time over
it, perhaps because there are some underlying tactical sequences to analyse.}
a5 ({Magnus demonstrated a deadly trick after} 21... Rac8 22. c4 $1 {when
Black cannot play} Bxc4 $4 {because of} 23. Bxc4 Rxc4 24. Nc6 $3 Rxd1+ 25. Rxd1
Ng6 26. Rd8+ Nf8 27. Ne7+ Kh8 28. Rxf8# {mate.}) 22. bxa6 bxa6 23. Re1 ({
Black seems to equalise fairly easily after this. Perhaps} 23. Ra1 {retains
some pressure.}) 23... Kf8 24. c4 Nc6 $1 {[diag] Magnus had already foreseen
this and wondered whether Luke might have missed it in his calculations.} 25.
Nb3 (25. cxd5 Nxd4 26. Bg2 Rab8 {turns out to be equal.}) 25... Be6 26. Bg2
Rac8 27. Nc5 Bf5 ({After} 27... Bxc4 {, there is a long forcing sequence to
reach a drawn position:} 28. Nb7 Rd4 29. Bxc6 Rxc6 30. Na5 Re6 31. Rb8+ Ke7 32.
Rxe6+ Kxe6 33. Nxc4 Rxc4 34. Rb6+ {, etc.}) 28. Nb7 Bxb1 29. Nxd8 Nxd8 30. Rxb1
Rxc4 31. Ra1 {White regains the pawn and the resultant position with pawns all
on one side of the board is drawn.} 1/2-1/2

[Event "Poikovsky Karpov 16th"]
[Site "Poikovsky"]
[Date "2015.09.30"]
[Round "3"]
[White "Morozevich, Alexander"]
[Black "Smirin, Ilia"]
[Result "1-0"]
[WhiteElo "2711"]
[BlackElo "2655"]
[Annotator "Schulz,Andre"]
[PlyCount "79"]
[EventDate "2015.09.28"]
[EventType "tourn"]
[EventRounds "9"]
[EventCountry "RUS"]
[EventCategory "17"]
[SourceTitle "CBM 169"]
[Source "ChessBase"]
[SourceDate "2015.11.10"]
[SourceVersion "1"]
[SourceVersionDate "2015.11.10"]
[SourceQuality "1"]

1. e4 c5 2. Nf3 e6 3. g3 d5 4. exd5 exd5 5. d4 Nc6 6. Bg2 Bg4 7. O-O cxd4 8. h3
Bxf3 9. Qxf3 Nf6 10. Bg5 Be7 11. Bxf6 Bxf6 {[#]} 12. Re1+ Ne5 $2 ({Angesagt war
} 12... Ne7 {mit den Möglichkeiten} 13. c3 $5 ({Weniger energisch ist:} 13.
Qxd5 Qxd5 14. Bxd5 d3 15. c3 $11) 13... dxc3 14. Nxc3 Bxc3 15. Qxc3 O-O 16. Qb4
Nc6 17. Qxb7 Qd6 18. Rac1 $16) 13. Qa3 {[#] Droht einfach f4. Und die Rochade
ist verhindert.} Kd7 {Wenn man diesen Zug machen muss, weiß man, dass etwas
gründlich schief gegangen ist.} (13... Qb6 14. f4 O-O-O 15. fxe5 Rhe8 16. Nd2
$18 {und Schwarz hat nicht viel für die Figur.}) 14. Qc5 Qc7 15. Qxd5+ Kc8 16.
c3 Rd8 17. Qe4 a6 {Um den König nach a7 zu fahren.} 18. cxd4 Rxd4 19. Qxh7 (
19. Qxd4 Nf3+) 19... Kb8 20. Nc3 Ka7 21. Nd5 Qd6 22. Nxf6 Qxf6 23. Qc2 {
[#] Weiß steht überlegen, hat einen Bauern mehr und mit dem Läufer die
bessere Leichtfigur. Der schwarze König steht zudem unsicher. Nebenbei droht
Dc5. Mit seinem nächsten Zug handelt sich Schwarz zusäzliche Probleme ein.}
Nd3 (23... Qd6 $16) 24. Re3 Rad8 25. Rd1 Qd6 26. Bf1 ({Noch stärker war} 26.
Re4 Qc6 (26... Rxe4 27. Bxe4) 27. Qxc6 bxc6 28. Re7+ Kb6 29. Rxf7 $18) 26...
Nc5 27. Rxd4 Qxd4 28. Qf5 Rd7 29. Rc3 Kb6 30. a4 Rc7 31. Rc4 Qd6 32. Qg5 f6 33.
a5+ Ka7 (33... Kxa5 34. b4+ Kb6 35. bxc5+ $18) 34. Qe3 Kb8 35. b4 Ne6 36. Re4
Rc6 37. h4 g6 38. Bg2 Qd7 39. Qh6 Qf7 40. Rg4 (40. Rg4 Rd6 41. Rxg6 $18) 1-0